[Event "Mittelfrankenliga-B2a 0708"]
[Site "Mittelfranken"]
[Date "2008.01.13"]
[Round "4.3"]
[White "Brunner, Wolfgang"]
[Black "Mons, Leon"]
[Result "1-0"]
[WhiteElo "1913"]
[BlackElo "1941"]
[PlyCount "103"]
[EventDate "2007.10.14"]
[EventType "team-tourn"]
[EventRounds "9"]
[EventCountry "GER"]
[SourceTitle "EXT 2011"]
[Source "ChessBase"]
[SourceDate "2010.11.26"]
[SourceVersion "1"]
[SourceVersionDate "2010.11.26"]
[SourceQuality "1"]
[WhiteTeam "Neumarkt"]
[BlackTeam "Forchheim III"]
[WhiteTeamCountry "GER"]
[BlackTeamCountry "GER"]

1. d4 d5 2. c4 e6 3. Nc3 Be7 4. Nf3 Nf6 5. Bg5 h6 6. Bh4 0-0 7. e3 b6 8. Qb3 Bb7 9. Bxf6 Bxf6 10. cxd5 exd5 11. Be2 Re8 12. 0-0 c6 13. Rfd1 Nd7 14. a4 a5 15. Rac1 Qb8 16. Bd3 Qa7 17. e4 dxe4 18. Nxe4 Be7 19. Bc4 Rf8 20. Ne5 Nxe5 21. dxe5 b5 22. Rd7 bxc4 23. Qxb7 Qxb7 24. Rxb7 Bb4 25. Rxc4 Rfd8 26. g3 Rac8 27. Kg2 Rd5 28. f4 Rd1 29. Rb6 Re1 30. Nc3 Rd8 31. Rbxc6 Rd2+ 32. Kh3 Rh1 33. Ne4 Rdxh2+ 34. Kg4 h5+ 35. Kf5 Be7 36. Rc8+ Kh7 37. Ng5+ Bxg5 38. Kxg5 Rg1 39. Rc3 h4 40. Kg4 Rxg3+ 41. Rxg3 hxg3 42. Kxg3 Rxb2 43. Rc5 Rb3+ 44. Kg4 g6 45. Rxa5 Rb4 46. Ra7 Kg8 47. a5 Ra4 48. Kg5 Kf8 49. a6 Kg8 50. Kh6 Kf8 51. Ra8+ Ke7 52. a7 1-0